Forum - méthode de français 3

Gespeichert in:
Bibliographische Detailangaben
Format: Buch
Sprache:Französisch
Veröffentlicht: Paris Hachette 2002
Schlagworte:
Tags: Tag hinzufügen
Keine Tags, Fügen Sie das erste Tag hinzu!

MARC

LEADER 00000nam$a2200000$$$4500
001 0048421
005 20221129100933.0
020 |a 2-01-155181-1 
041 0 |a fre 
044 |a FR 
245 1 0 |a Forum - méthode de français 3 
264 1 |a Paris  |b Hachette  |c 2002 
300 |a 175 s. 
610 2 0 |a jazykoveda 
610 2 0 |a terminológia 
610 2 0 |a jazyky cudzie